[Event "ALG-ch"]
[Site "Tiaret"]
[Date "2019.08.05"]
[Round "8"]
[White "Mostaine Boucetta, Brahim"]
[Black "Brahami, Lamine"]
[Result "0-1"]
[WhiteElo "1687"]
[BlackElo "2153"]
[PlyCount "72"]
[EventDate "2019.08.01"]
[EventType "swiss"]
[EventRounds "9"]
[EventCountry "ALG"]
[SourceTitle "EXT 2020"]
[Source "ChessBase"]
[SourceDate "2019.10.17"]
[SourceVersion "1"]
[SourceVersionDate "2019.10.17"]
[SourceQuality "1"]

1. d4 Nf6 2. c4 g6 3. Nc3 Bg7 4. Nf3 d6 5. Bf4 0-0 6. e3 Nc6 7. Be2 h6 8. h3 Nd7 9. 0-0 e5 10. Bh2 Ne7 11. b4 a5 12. bxa5 Rxa5 13. a4 f5 14. Qd2 b6 15. Rfb1 g5 16. Rb5 Rxb5 17. axb5 f4 18. g3 fxe3 19. fxe3 exd4 20. exd4 Bb7 21. d5 Ng6 22. Rf1 Nc5 23. Bd3 Qe8 24. Ne2 Ne5 25. Nxe5 Rxf1+ 26. Kxf1 Qxe5 27. Bg1 Bc8 28. Kg2 Nxd3 29. Qxd3 Bf5 30. Qd2 Qe4+ 31. Kh2 Qxc4 32. Bd4 Qxd5 33. Qe3 Qe4 34. Qd2 Be6 35. Qe3 Qxe3 36. Bxe3 Bc4 0-1

[Event "ALG-ch sf"]
[Site "Tiaret"]
[Date "2017.03.31"]
[Round "4"]
[White "Ghafoul, Zakaria Abdelrahman"]
[Black "Mostaine Boucetta, Brahim"]
[Result "1-0"]
[WhiteElo "1860"]
[BlackElo "1718"]
[PlyCount "41"]
[EventDate "2017.03.29"]
[EventType "swiss"]
[EventRounds "7"]
[EventCountry "ALG"]
[SourceTitle "EXT 2018"]
[Source "ChessBase"]
[SourceDate "2017.10.13"]
[SourceVersion "1"]
[SourceVersionDate "2017.10.13"]
[SourceQuality "1"]

1. e4 c5 2. Nf3 g6 3. d4 cxd4 4. Qxd4 Nf6 5. e5 Nc6 6. Qh4 Nxe5 7. Nxe5 Qa5+ 8. Nc3 Qxe5+ 9. Be2 a6 10. 0-0 d6 11. Bf4 Qa5 12. Bxd6 Bf5 13. Bf3 Rd8 14. Bb4 Qc7 15. Rfe1 Be6 16. Ne2 Rd7 17. Nf4 Qc4 18. Bc3 Bg7 19. Be2 Qc6 20. Nxe6 Qxe6 21. Bb5 1-0

[Event "ALG-ch sf"]
[Site "Tiaret"]
[Date "2017.03.29"]
[Round "2"]
[White "Achour, Anis"]
[Black "Mostaine Boucetta, Brahim"]
[Result "1-0"]
[WhiteElo "1870"]
[BlackElo "1718"]
[PlyCount "121"]
[EventDate "2017.03.29"]
[EventType "swiss"]
[EventRounds "7"]
[EventCountry "ALG"]
[SourceTitle "EXT 2018"]
[Source "ChessBase"]
[SourceDate "2017.10.13"]
[SourceVersion "1"]
[SourceVersionDate "2017.10.13"]
[SourceQuality "1"]

1. d4 Nf6 2. c4 e6 3. Nc3 Bb4 4. e3 b6 5. Nge2 Ne4 6. Qc2 Bb7 7. a3 Bxc3+ 8. Nxc3 f5 9. f3 Qh4+ 10. g3 Nxg3 11. Qf2 f4 12. e4 Qh5 13. Rg1 Nxf1 14. Kxf1 0-0 15. Ne2 e5 16. dxe5 Qxe5 17. Bd2 Qc5 18. Qxc5 bxc5 19. Bxf4 d6 20. Kg2 Nc6 21. b3 Rf7 22. Bg3 Bc8 23. Rgd1 Rb8 24. Rd3 Na5 25. Nc1 Be6 26. Ra2 Nc6 27. Rad2 Rbf8 28. Ne2 g5 29. h3 h5 30. Rd1 Ne7 31. h4 gxh4 32. Bxh4 Ng6 33. Bg3 h4 34. Bh2 h3+ 35. Kf2 Nh4 36. f4 Bg4 37. Rg1 Rg7 38. Rdg3 Ng2 39. f5 Bxe2 40. Kxe2 Rff7 41. Rf1 Rxg3 42. Bxg3 Rg7 43. Rf3 Rg4 44. Bh2 Rxe4+ 45. Kf2 Rh4 46. Kg3 Kf7 47. Rf2 Rh7 48. Re2 Kf6 49. Kg4 Rh4+ 50. Kg3 Rh5 51. Re6+ Kf7 52. Kg4 Rh7 53. Re2 Kf8 54. f6 Kf7 55. Kg5 Kf8 56. Kg6 Rf7 57. Re4 a6 58. a4 a5 59. Bg3 Rd7 60. Bh2 c6 61. f7 1-0

[Event "ALG-chT"]
[Site "Staoueli"]
[Date "2014.08.22"]
[Round "2"]
[White "Lekhchine, Riad"]
[Black "Mostaine Boucetta, Brahim"]
[Result "1-0"]
[WhiteElo "1973"]
[BlackElo "1822"]
[PlyCount "86"]
[EventDate "2014.08.22"]
[EventType "team-swiss"]
[EventRounds "9"]
[EventCountry "ALG"]
[SourceTitle "EXT 2016"]
[Source "ChessBase"]
[SourceDate "2015.10.08"]
[SourceVersion "1"]
[SourceVersionDate "2015.10.08"]
[SourceQuality "1"]
[WhiteTeam "Constantine ASEC"]
[BlackTeam "Haroun Rachid Tiaret"]
[WhiteTeamCountry "ALG"]
[BlackTeamCountry "ALG"]

1. e4 c5 2. Nf3 g6 3. Nc3 Bg7 4. Bc4 e6 5. d3 Ne7 6. Bf4 a6 7. e5 b5 8. Bb3 Bb7 9. Ng5 Nbc6 10. Nge4 0-0 11. Nxc5 Qc7 12. d4 Nf5 13. Nxb7 Qxb7 14. Ne2 d5 15. c3 Na5 16. Bc2 Ne7 17. h4 f6 18. exf6 Bxf6 19. h5 g5 20. Bd6 h6 21. b4 Nc4 22. Bc5 Bg7 23. Qd3 Rf6 24. Qh7+ Kf7 25. Qd3 Qc7 26. 0-0 e5 27. dxe5 Nxe5 28. Qd1 Qd7 29. Ng3 Rd8 30. Re1 N7c6 31. Qe2 Qg4 32. Qxg4 Nxg4 33. Bg6+ Kg8 34. Nf5 Rxf5 35. Bxf5 Nge5 36. Rad1 Kf7 37. Bb6 Rd6 38. Bc7 Rf6 39. Bc8 Re6 40. Kf1 Re8 41. Bxa6 Ra8 42. Bxb5 Rxa2 43. Rxd5 Ne7 1-0

[Event "ALG-ch sf"]
[Site "Sidi Bel Abbes"]
[Date "2013.03.30"]
[Round "7"]
[White "Mostaine Boucetta, Brahim"]
[Black "Bouhadi, Abderrahim"]
[Result "1/2-1/2"]
[WhiteElo "1836"]
[BlackElo "1422"]
[PlyCount "74"]
[EventDate "2013.03.27"]
[EventType "swiss"]
[EventRounds "9"]
[EventCountry "ALG"]
[SourceTitle "CBM 153 Extra"]
[Source "ChessBase"]
[SourceDate "2013.04.22"]
[SourceVersion "1"]
[SourceVersionDate "2013.04.22"]
[SourceQuality "1"]

1. d4 d5 2. c4 c6 3. Nf3 e6 4. Nc3 Nf6 5. e3 Nbd7 6. Qc2 Be7 7. Bd3 dxc4 8. Bxc4 b5 9. Bd3 Bb7 10. 0-0 0-0 11. e4 Rc8 12. e5 Nd5 13. Bxh7+ Kh8 14. Bd3 Nb4 15. Qe2 Nxd3 16. Qxd3 c5 17. dxc5 Rxc5 18. Re1 Bxf3 19. Qxf3 Nxe5 20. Qh5+ Kg8 21. Rxe5 Rxe5 22. Qxe5 b4 23. Qe1 bxc3 24. bxc3 Bf6 25. Bd2 Qd3 26. Rc1 Rd8 27. Be3 Bxc3 28. Qf1 a5 29. Bb6 Rd7 30. Qxd3 Rxd3 31. Kf1 Bb4 32. Rc2 Rd1+ 33. Ke2 Rh1 34. h3 Re1+ 35. Kd3 Rd1+ 36. Kc4 Rd2 37. Kb3 Rd3+ 1/2-1/2